| 000 | 00371nam a2200145 a 4500 | ||
|---|---|---|---|
| 001 | 3724 | ||
| 003 | CDMR | ||
| 005 | 20130918130047.0 | ||
| 008 | 130130s1998||||||||||||||||||||||||||||d | ||
| 040 |
_aCDMR _bcat _cCPC GIRONA |
||
| 100 | 1 |
_aSerrà, Màriam _92650 |
|
| 245 | 1 | 0 |
_aVerges i la processó que no es veu _cSerrà, Màriam |
| 260 |
_c1998 _bEl Mèdol |
||
| 942 |
_cMON _2udc |
||
| 999 |
_c3724 _d3724 |
||